| 000 | 01493nam a22002777a 4500 | ||
|---|---|---|---|
| 005 | 20110426154449.0 | ||
| 008 | 090408t xxu||||| |||| 00| 0 hin d | ||
| 010 | _aHIN-92507 | ||
| 020 |
_c150.00 _a9788190403214 |
||
| 035 | _aHN-64853 | ||
| 037 | _bDBAD / PUB | ||
| 040 |
_aDPL _bHN |
||
| 082 | _aक | ||
| 100 |
_927482 _aगौड़, नरेन्द्र कुमार |
||
| 245 |
_aअहसासः _cनरेन्द्र कुमार गौड़ _bलघुकथा संग्रह / |
||
| 260 |
_aदिल्ली _bआकांक्षा प्रकाशन _c2010 |
||
| 270 |
_aएफ-15 ए, विजय ब्लॉक, विकास मार्ग, लक्ष्मी नगर _bनई दिल्ली _cदिल्ली _e110092 |
||
| 300 |
_a95पृ _c22 सेमी (सजिल्द) _bसचित्र |
||
| 500 | _aसमान ISBN 9788190403214 शीर्षक ' कबीर- जीवन और दर्शन ' | ||
| 650 |
_91169 _aलघु कथाएँ, हिन्दी |
||
| 650 |
_91170 _ashort Stories |
||
| 700 | _927483 | ||
| 942 |
_adpl _cHN _2ddc _hक _mगौड़न |
||
| 999 |
_c52014 _d52014 |
||